| 000 | 00644nam a22002052 4500 | ||
|---|---|---|---|
| 001 | 0000009699 | ||
| 005 | 20151217152058.0 | ||
| 008 | 081117s xx 000 0 eng d | ||
| 040 |
_aKABU _cKABU |
||
| 100 | 1 |
_aHirsch, S. Carl. _@0000011693 |
|
| 245 | 1 | 0 |
_aMapmakers of America : _bfrom the age of discovery to the space era / _cS. Carl Hirsch. |
| 250 | _a1st ed. | ||
| 260 |
_aNew York : _bViking Press, _c1970. |
||
| 300 | _a176 p. | ||
| 650 | 0 |
_aCartography. _@0000161442 |
|
| 651 | 0 |
_aAmerica _xDiscovery and exploration. _@0000161443 |
|
| 852 | 1 | _9p500 KES | |
| 908 | _a081117 | ||
| 950 | _@1 | ||
| 999 |
_c7998 _d7998 |
||